Problemy radioekologii vodnych organizmov : materialy simpoziuma Miassovo 10.-15.7.1968 g. /
Uložené v:
| Ďalší autori: | |
|---|---|
| Médium: | Kniha |
| Jazyk: | Russian |
| Vydané: |
Sverdlovsk :
Akademija nauk SSSR,
1971.
|
| Edícia: | Trudy Instituta èkologii rastenij i životnych
|
| Fyzický popis: |
241 strán. |
| Tagy: |
Pridať tag
Žiadne tagy, Buďte prvý kto otaguje tento záznam!
|
Titul je dostupný aj v ... 

MARC
| LEADER | 00000nam a22000002i 4500 | ||
|---|---|---|---|
| 001 | 000750607 | ||
| 005 | 20260414110738.0 | ||
| 008 | 260414s1971 ru e 000 0 rus d | ||
| FMT | |||
| 020 | |c Kčs 27,00 |q (viazané) | ||
| 040 | |a SVKKK |b slo |c SVKKK |e rda | ||
| 041 | 0 | |a rus | |
| 044 | |a ru |c RU | ||
| 245 | 0 | 0 | |a Problemy radioekologii vodnych organizmov : |b materialy simpoziuma Miassovo 10.-15.7.1968 g. / |c Švarc Stanislav Semenovič. |
| 264 | 1 | |a Sverdlovsk : |b Akademija nauk SSSR, |c 1971. | |
| 300 | |a 241 strán. | ||
| 336 | |a text |b txt |2 rdacontent | ||
| 337 | |a bez média |b n |2 rdamedia | ||
| 338 | |a zväzok |b nc |2 rdacarrier | ||
| 490 | 1 | |a Trudy Instituta èkologii rastenij i životnych ; |v vyp. 78 | |
| 500 | |a Záznam revízie | ||
| 700 | 1 | |a Švarc, Stanislav Semenovič, |d 1919-1976 |4 edt | |
| 830 | 0 | |a Trudy Instituta èkologii rastenij i životnych | |
| 910 | |a svkkk | ||
| 998 | |a BK | ||
| OWN | |||
| Z30 | 1 | |l SCK01 |l SCK01 |m BOOK |1 SCKHL |2 SK16 |b Sklad Pribinova 3. posch. |3 V.83769 |6 477450 |q 19720414 |5 2721286115 |4 Zastaraná |8 20260414 |f 30 |s Návrh na vyradenie |z 0.90 |t 00000000 |u 0000 |w 000750607 |x 000010 |r 000 | |
| 090 | |g SCKHL |k Sklad Pribinova 3. posch. |a V.83769 |j 477450 |i 2721286115 |4 Zastaraná |s Návrh na vyradenie |r 000 | ||